000 00311nam a2200109Ia 4500
008 220204s9999 xx 000 0 und d
082 _a31:631(540)
_bIND
245 0 _aPrice statistics of agricultural commodities
260 _aNew Delhi
_bMinistry of Agriculture
_c1950
650 _aPrice statistics
942 _cBK
999 _c19906
_d19906